Principales enfoques metodológicos utilizados en la investigacion educativa en México : (Record no. 105751)

MARC details
000 -CABECERA
campo de control de longitud fija 01407ngm a2200217 a 4500
005 - FECHA Y HORA DE LA ÚLTIMA TRANSACCIÓN
campo de control 20250207063756.0
008 - ELEMENTOS DE LONGITUD FIJA--INFORMACIÓN GENERAL
campo de control de longitud fija 040603s2003 mx 120 d daspa d
035 ## - NÚMERO DE CONTROL DEL SISTEMA
Número de control de sistema UPN01000133600
049 ## - COLECCIÓN
Colección AV
050 #4 - SIGNATURA TOPOGRÁFICA DE LA BIBLIOTECA DEL CONGRESO
Número de clasificación PVI LB 1251
111 2# - ASIENTO PRINCIPAL--NOMBRE DE REUNION
Nombre de congreso/reunión o jurisdicción como elemento de entrada Seminario Introducción a la Investigación de Personas Jóvenes y Adultas EPJA
9 (RLIN) 29995
245 10 - MENCIÓN DE TÍTULO
Título Principales enfoques metodológicos utilizados en la investigacion educativa en México :
Resto del título 1a. sesión /
Mención de responsabilidad, etc. coord. Carmen Campero.
260 ## - PUBLICACIÓN, DISTRIBUCIÓN, ETC.
Lugar de publicación, distribución, etc. México :
Nombre del editor, distribuidor, etc. UPN,
Fecha de publicación, distribución, etc. 2003.
300 ## - DESCRIPCIÓN FÍSICA
Extensión 1 videocasete (VHS) (ca. 120 min.) :
Otras características físicas son., col.
520 ## - NOTA DE RESUMEN, ETC.
Sumario, etc. Este video dividido en tres partes : sesión de presentación, entrevistas a los especialistas e intercambio y exposición de ideas en salón de clases. Tiene como objetivo mostrar groso modo los iniciadores en la investigación social, las diferentes teorias en la investigación social y las metodologías empleadas en ésta. La sesión de entrevistas tiene como temas : Los paradigmas de la investigación social; la importancia de la investigación en la educación de personas jóvenes y adultas; el papel de la teoría en la investigación y la investigación básica
650 #4 - ASIENTO SECUNDARIO DE MATERIA - TERMINO TEMATICO
Término de materia o nombre geográfico como elemento de entrada Educación
Subdivisión general Investigación
9 (RLIN) 4070
650 #4 - ASIENTO SECUNDARIO DE MATERIA - TERMINO TEMATICO
Término de materia o nombre geográfico como elemento de entrada EDUCACION DE ADULTOS -
Subdivisión general INVESTIGACION
9 (RLIN) 16091
650 #4 - ASIENTO SECUNDARIO DE MATERIA - TERMINO TEMATICO
Término de materia o nombre geográfico como elemento de entrada Ciencias sociales
Subdivisión general Investigación
9 (RLIN) 7497
700 1# - ASIENTO SECUNDARIO--NOMBRE DE PERSONAL
Nombre de persona Campero Cuenca, Carmen
Término indicativo de función/relación coord.
9 (RLIN) 28633
905 ## - TIPO DE MATERIAL
Tipo de material Audiovisual
Holdings
Estado de retiro Estado de pérdida Fuente del sistema de clasificación o colocación Estado dañado No para préstamo Código de colección Localización permanente Ubicación/localización actual Ubicación en estantería Total de préstamos Clasificación Código de barras Fecha visto por última vez Número de copia Tipo de ítem Koha
    Library of Congress Classification     Audiovisuales Bib. Gregorio Torres Quintero Bib. Gregorio Torres Quintero Audiovisual   PVI LB 1251 226282 31/12/2020 1 Videocasete